| 000 | 00647nam a2200205 a 4500 | ||
|---|---|---|---|
| 005 | 20230511063519.0 | ||
| 008 | 011023s1991 mx r 000 0 spa d | ||
| 020 | _a9682934834 | ||
| 035 | _aUPN01000113373 | ||
| 049 | _aCG | ||
| 050 | 4 |
_aF1224 _bB3.4 |
|
| 245 | 0 | 0 |
_aBalance y perspectivas de la historiografía noroccidental / _ccoord. Jaime Olveda. |
| 260 |
_aMéxico : _bINAH : _bGobierno del Estado de Jalisco, _c1991. |
||
| 300 | _a139 p. | ||
| 440 | 0 | _aRegiones de México | |
| 651 | 4 |
_aMEXICO - _xHISTORIOGRAFIA - _vCONGRESOS _9659 |
|
| 651 | 4 |
_aJALISCO - _xHISTORIOGRAFIA _9660 |
|
| 700 | 1 |
_aOlveda, Jaime _ecoord. _929778 |
|
| 905 | _aLibro | ||
| 999 |
_c87281 _d87281 |
||